00401cam a2200157ua 45000010005000000080039000050400009000440820008000531000024000612450041000852500009001262600042001353000017001776530030001946530019002243488111222n ii |||gr||||Z||||||asm cMAIN a780 aSrutikar, Binapani,11aNaam mandakinicby Binapani Srutikar a1st. aNaharkatia:bAbani kr. Sarmah,c2000. a163p:c23cm. aAssamese devotional songs aNaam mandakini